Oceňovanie opcií diplomová práca

Gespeichert in:
Bibliographische Detailangaben
1. Verfasser: Hlaváčová, Miroslava
Körperschaft: Fakulta hospodárskej informatiky EU. Katedra matematiky
Weitere Verfasser: Gogola, Ján, 1977-
Format: Buch
Sprache:Slowakisch
Veröffentlicht: Bratislava 2013
Tags: Tag hinzufügen
Keine Tags, Fügen Sie das erste Tag hinzu!

MARC

LEADER 00000nbm a2200000 4500
001 0171713
005 20161109102452.2
041 0 |a slo 
044 |a SK 
245 1 0 |a Oceňovanie opcií  |b diplomová práca  |c Miroslava Hlaváčová ; školiteľ: Ján Gogola 
264 1 |a Bratislava  |c 2013 
300 |a 75 s. 
100 1 |a Hlaváčová, Miroslava 
700 1 |a Gogola, Ján, 1977- 
710 2 |a Fakulta hospodárskej informatiky EU. Katedra matematiky